Statistics for UEFA Euro 2012 sixteen finalists

Click here to take the quiz!

General Stats

  • This quiz has been taken 454 times
  • The average score is 15 of 16

Answer Stats

Answer% Correct
Germany
99%
Spain
99%
England
98%
Italy
98%
France
97%
Portugal
97%
Netherlands
95%
Sweden
94%
Poland
93%
Russia
93%
Denmark
92%
Ukraine
92%
Greece
90%
Republic of Ireland
89%
Croatia
88%
Czech Republic
83%

Score Distribution

Percentile by Number Answered

Percent of People with Each Score

Your Score History

You have not taken this quiz